000 01083nam a22003137i 4500
003 EG-GICUC
005 20260121101509.0
008 251216s1920 uk ||||fr|||| 00| 0 eng d
040 _aEG-GiCUC
_beng
_cEG-GiCUC
_dEG-GiCUC
_erda
041 _aeng
082 0 4 _221
_a341.22
_bLE
092 0 4 _221
099 _aLaw1 11 341.22 LE 1920
245 0 4 _aThe League Of Nations Starts :
_bAn Outline By Its Organisers.
264 1 _aLondon :
_bMacmillan and Co., Ltd.,
_c1920.
300 _a(xi, 282 pages, 2 unnumbered pages ;
_c24 cm
336 _2rda content
_atext
337 _2rda media
_aComputer
338 _2rda carrier
_aOnline Resource
490 0 _aThe making of modern law: Foreign, comparative and international law, 1600-1926.
500 _aPublisher's advertising: [2] p., 3rd count.
504 _aIncludes bibliographical references.
546 _aText in English
650 1 4 _aLeague of Nations
_xPublic international law
_2qrmak
651 1 _2qrmak
856 4 0 _uhttps://fll.law.cu.edu.eg/fulltext/bks/B11-05217.pdf
905 _a75
942 _2ddc
_cBK
_e21
_n0
999 _c50780
_d50780